00421nam a2200169Ia 4500003000400000005001700004008004100021020001500062040000700077041000800084082001300092100004900105245001800154260005000172300001600222365001300238OSt20230505100406.0210423s2006 xx 000 0 und d a8131300048 cAL aeng a576 RAJN aRAJVAIDYA (Neelima);MARKANDEY (Dilip Kumar). aMicrobiology. aNew DelhibA P H Publishing Corporationc2006 axii,633bPB b995cINR